00546nam a22001937a 450000500170000001000130001702000230003002000260005303500130007903700230009208200110011510000180012624500520014426000340019627000710023030000300030170000180033171000030034920110719165821.0 aB-430686 a8177695444c100.00 a9788177695441c100.00 aB-430686 bAllied Publishers  a780954 aMukerji, D.P. aIndian Music an introduction /cby D.P.Mukerji aVaranasibPilgrims Publishing aB27/98, A-8, Nawabganj Road, Durga Kund,bVaranasie91-542-2314060 a67p.c21 cm ( pbk.)bill. aLal, Niharika